Sensibilites et vulnerabilites americaines ayant trait a la guerre du Golfe
Αποθηκεύτηκε σε:
| Κύριος συγγραφέας: | |
|---|---|
| Μορφή: | Βιβλίο |
| Γλώσσα: | French |
| Δημοσίευση: |
Paris :
Basile Economides,
1994
|
| Θέματα: | |
| Ετικέτες: |
Προσθήκη ετικέτας
Δεν υπάρχουν, Καταχωρήστε ετικέτα πρώτοι!
|
MARC
| LEADER | 00000cam a2200000 i 4500 | ||
|---|---|---|---|
| 001 | 1/9830 | ||
| 008 | 000825s1994 fre d | ||
| 035 | |l 10063210 | ||
| 040 | |a GR-MY-UA |b gre |e aacr | ||
| 041 | 0 | |a fre | |
| 082 | 0 | |a 956.70442 | |
| 100 | 1 | |a Οικονομίδης, Βασίλης, |d 1952- | |
| 245 | 1 | 0 | |a Sensibilites et vulnerabilites americaines ayant trait a la guerre du Golfe / |c Basile Economides |
| 260 | |a Paris : |b Basile Economides, |c 1994 | ||
| 300 | |a 694 p. | ||
| 650 | 0 | 0 | |a War |x Psychological aspects. |
| 650 | 0 | 0 | |a Persian Gulf War, 1991. |
| 651 | 0 | |a United States |x Armed Forces. | |
| 852 | |a INST |b LESVOS |e 20000825 |h 956.70442 ΟΙΚ |p 005100020095 |q 005100020095 |t BK |y 0 | ||
| 901 | |a BIBL1-2000-2 | ||
| 909 | |a Λ |b 077664 | ||
| 970 | |z 2000/08/ELIDOC | ||